[Event "Ostersund Jamt Cup"]
[Site "Ostersund"]
[Date "2019.12.26"]
[Round "4"]
[White "Edler, Olof"]
[Black "Fridman, Arvid"]
[Result "0-1"]
[WhiteElo "1722"]
[BlackElo "1393"]
[PlyCount "64"]
[EventDate "2019.12.26"]
[EventType "swiss"]
[EventRounds "7"]
[EventCountry "SWE"]
[SourceTitle "CBM 194 Extra"]
[Source "ChessBase"]
[SourceDate "2020.03.31"]
[SourceVersion "1"]
[SourceVersionDate "2020.03.31"]
[SourceQuality "1"]

1. d4 d5 2. c4 c6 3. Nf3 Nf6 4. Nc3 e6 5. Bg5 Be7 6. e3 0-0 7. Bd3 b6 8. Qc2 h6 9. Bh4 Bb7 10. b3 Nbd7 11. Nd2 c5 12. f3 cxd4 13. exd4 Rc8 14. Qb2 dxc4 15. Bxc4 Nd5 16. Nxd5 Bxh4+ 17. g3 exd5 18. Bd3 Bf6 19. 0-0 Nc5 20. Bf5 Ne6 21. Rad1 Bxd4+ 22. Qxd4 Nxd4 23. Bxc8 Qxc8 24. Kf2 Ba6 25. Rfe1 Nc2 26. Re5 Qc5+ 27. Kg2 Ne3+ 28. Rxe3 Qxe3 29. Nb1 Qe2+ 30. Kh3 Bc8+ 31. g4 Qxf3+ 32. Kh4 Qxg4# 0-1